| 000 | 00807cam a22002771 4500 | ||
|---|---|---|---|
| 001 | 15863 | ||
| 003 | BD-RjUL | ||
| 005 | 20211208235911.0 | ||
| 008 | 140211t1955 nyua 001 0 eng | ||
| 035 | _a(BD-RjUL)15918 | ||
| 035 | _a(OCoLC)254846 | ||
| 040 |
_aDLC _cODaWU _dOCoLC _dUk _dDLC _dBD-RjUL _beng |
||
| 041 | _aeng | ||
| 082 | 0 | 0 |
_a659.112 _bBAA 1955 |
| 100 | 1 |
_aBarton, Roger, _d1903- _949197 |
|
| 245 | 1 | 0 |
_aAdvertising agency operations and management / _cby Roger Barton. |
| 250 | _a1st ed. | ||
| 260 |
_aNew York : _bMcGraw-Hill, _cc1955. |
||
| 300 |
_a434 p. : _billus. ; _c24 cm. |
||
| 490 | 0 | _aMcGraw-Hill series in advertising and selling | |
| 504 | _aIncludes index. | ||
| 650 | 0 |
_aAdvertising agencies. _949198 |
|
| 942 |
_2ddc _cBK |
||
| 999 |
_c15863 _d15863 |
||